[Event "Dortmund SuperGM 40th"]
[Site "Dortmund"]
[Date "2012.07.21"]
[Round "8"]
[White "Fridman, Daniel"]
[Black "Naiditsch, Arkadij"]
[Result "1/2-1/2"]
[WhiteElo "2655"]
[BlackElo "2700"]
[Annotator "Marin,M"]
[PlyCount "90"]
[EventDate "2012.07.13"]
[EventType "tourn"]
[EventRounds "9"]
[EventCountry "GER"]
[EventCategory "19"]
[SourceTitle "CBM 150"]
[Source "ChessBase"]
[SourceDate "2012.09.14"]
[SourceVersion "1"]
[SourceVersionDate "2012.09.14"]
[SourceQuality "1"]

1. d4 Nf6 2. c4 e6 3. Nf3 d5 4. g3 dxc4 5. Bg2 a6 6. Ne5 Bb4+ 7. Nc3 Nd5 {
One of the sharpest lines of the Catalan Gambit.} 8. O-O ({The overcautious} 8.
Bd2 {does not promise White too much. Possibly, the best method was displayed
by former ladies' World Champion Alexandra Kosteniuk in two games. One curious
thing the games have in common is that a well-timed ...f7-f5 (something that
Black usually avoids in the Catalan) turned the tables in Black's favour.} Nb6
9. Ne4 (9. e3 O-O 10. O-O f6 11. Nf3 a5 12. Ne4 Nc6 13. Bc3 Nd5 14. Nfd2 f5 $1
15. Bxb4 axb4 16. Nc5 b6 $17 {Zhu Chen (2490)-Kosteniuk,A (2469)/Nalchik 2011/
CBM 145 (0-1, 36)}) 9... Be7 10. e3 N8d7 11. f4 O-O 12. Rc1 f5 $5 13. Nf2 Nxe5
14. fxe5 Rb8 15. O-O Bd7 $15 {Zhukova,N (2443)-Kosteniuk,A (2503)/Olginka 2011/
CBM 141 Extra (0-1, 70)}) 8... Nxc3 {Typical for our times. A few decades
earlier, many would have considered this continuous pawn grabbing as risky or
even unplayable.} ({I have annotated a series of games in which Black
preferred:} 8... O-O 9. Qc2 b5 10. Be4 (10. Nxd5 exd5 11. b3 {1-0 Kramnik,V 
(2769)-Morozevich,A (2758)/Mexico City 2007/CBM 120/[Marin,M] (27)}) 10... Bb7
11. Nxd5 (11. Bxh7+ Kh8 12. Be4 {0-1 Zatonskih,A (2478)-Koneru,H (2600)/
Antakya 2010/CBM 140/[Marin,M] (45)}) 11... Bxd5 12. Bxh7+ Kh8 13. Be4 {
0-1 Gelfand,B (2755)-Morozevich,A (2751)/Biel 2009/CBM 132/[Marin,M] (48)}) 9.
bxc3 Bxc3 10. Rb1 Qxd4 11. Qa4+ {Starting forcing play, which tends to peter
out into a draw if both opponents know in advance what they are doing.} ({
Actually, White has good compensation even after the queen exchange:} 11. Qxd4
Bxd4 12. Nxc4 {White's idea is simple: he will prevent the king from castling
with Bc1-a3 and take advantage of the lack of coordination of Black's rooks to
put up pressure against the queenside.} Nd7 13. Rd1 (13. Ba3 Nb6 14. Na5 Nd5
15. e3 Bb6 16. Nc4 Ba7 17. Rfc1 b5 18. e4 Nf6 19. Ne3 Bxe3 20. fxe3 $44 {
Shimanov,A (2586)-Sethuraman,S (2529)/Chennai 2011/ (0-1, 60)}) 13... e5 14.
Ba3 Rb8 15. e3 Ba7 16. Rd5 f6 17. Rbd1 $44 b5 $6 18. Na5 b4 $6 19. Nc6 $16 {
Zhou Weiqi (2610)-Vaibhav,S (2430)/Mashhad 2011/CBM 142 (1-0, 25)}) 11... b5
12. Qa3 (12. Rxb5 $2 axb5 13. Qxb5+ Nd7 14. Bf4 Ra5 {0-1 Duzhakov,I (2325)
-Mastrovasilis,A (2529)/St Petersburg 2011/CBM 144 Extra}) 12... Qxe5 13. Bf4
Qf6 {White has invested three pawns and a knight in his attack, but will get
the cornered rook soon. One important aspect is that Black has to find a way
to get castled.} 14. Bxc7 $1 (14. Bxa8 $6 e5 $15 {would leave Black with three
pawns for the exchange.}) 14... b4 {Inviting new sacrifices.} ({In practice,
the more modest} 14... Be5 {proved playable:} 15. Bxe5 Qxe5 16. Bxa8 Qc7 17.
Bg2 f6 18. Qe3 Kf7 19. a4 Bd7 20. axb5 Bxb5 21. Rfd1 Nd7 $44 {Wojtaszek,R 
(2711)-Roser,K (2423)/Aix-les-Bains 2011/CBM 142 (1/2, 41). Black has somehow
completed his development and retains two pawns for the exchange.}) 15. Rxb4 $5
{Picking up the gauntlet.} (15. Qa5 b3 $6 (15... O-O $5 16. Bxa8 e5 $44 {
may be safer as after} 17. Bxb8 $6 Bf5 $36 {most of White's pieces would be
hanging.}) 16. Qa3 a5 17. Bxa8 Bb4 18. Qc1 Ba6 19. axb3 O-O 20. bxc4 Rc8 21.
Bxb8 Rxb8 22. Bf3 Rc8 23. Rd1 Qe5 24. Qc2 g6 25. Qa4 Bxc4 26. Rbc1 $14 {
Halkias,S (2588)-Galopoulos,N (2430)/Plovdiv 2012/CBM 148 (1-0, 55)}) 15...
Bxb4 16. Qxb4 {A fantastic position! Black is a whole rook up and it is his
turn to move, but his undeveloped queenside pieces are very vulnerable. His
chance of saving the game is linked with the extra pawn, which is likely to
consume an important white tempo.} a5 17. Qb5+ Bd7 18. Qb6 $146 {Aiming to
maintain the domination and not caring about the pawn.} (18. Qxc4 Na6 (18...
Ra6 19. Bxb8 Rb6 {looks dangerous, but may be playable. Black is not getting
too close to castling, but his extra exchange provides compensation for it.}
20. Ba7 Rb4 21. Qc7 Qd8 22. Qd6 Qe7 {Obviously, White can force a draw, but
somewhere along the way there might be some hidden improvement.}) 19. Bxa8 Nxc7
20. Qxc7 Qd8 21. Qa7 O-O {The position has calmed down and White maintains a
symbolic advantage on account of his more active pieces.} 22. Bf3 (22. Be4 Bb5
$132) 22... Ba4 23. Rc1 Qd2 24. Rc5 Qxa2 $11 {Miroshnichenko,E (2684)
-Kasimdzhanov,R (2699)/Konya 2010/CBM 137 Extra (1/2, 30)}) 18... Na6 19. Bxa8
Nxc7 20. Qxc7 Qd8 21. Qa7 O-O {We have reached the same position as in the
game Miroshnichenko,E (2684)-Kasimdzhanov,R (2699)/Konya 2010/CBM 137 Extra (1/
2, 30) above, with the difference that... the c4-pawn is still alive! What
could White have had in mind when embarking this variation? We will have the
answer on the next move.} 22. Be4 {His idea probably was that the c4-pawn
restricts the black bishop, making 22...Bb5 ineffective. This allows the white
bishop to retreat to a more active square than f3 as in the game above.} Bc8
23. Qc5 Ba6 {OK, what can Black do? He will keep the pawn and hope to advance
it after the white fury has calmed down.} 24. Rb1 Qd2 $5 {Sacrificing an
exchange for counterplay.} ({Another line with just a microscopic advantage
for White would be} 24... c3 25. Qxc3 Bxe2 26. Qc2 Ba6 27. Bxh7+ Kh8 28. Be4 {
Somehow, Black's coordination is not too impressive, but he does not seem to
be in big danger, either.}) 25. Bxh7+ Kxh7 26. Qxf8 Qxa2 27. Rb8 Qa1+ {With
the manoeuvre initiated by this move, Black centralises the queen with gain of
time and defends the f7-pawn indirectly.} ({It seems that} 27... Qxe2 {should
suffice for a draw, too:} 28. Qxf7 Qd1+ 29. Kg2 Qd5+ 30. Kh3 (30. Qf3 $2 c3 $1
31. Rb1 Be2 $1 32. Qxd5 exd5 $19) 30... c3 {It seems that White has nothing
better than giving or allowing perpetual check.}) 28. Kg2 Qe5 29. h4 c3 30. h5
Qxh5 31. Qh8+ Kg6 32. Qxh5+ Kxh5 33. Rb3 Bxe2 $11 {Even if he loses the a-pawn
(which is not likely to happen), Black is in no danger of losing.} 34. Rxc3 a4
35. Rc7 Kg6 36. Ra7 Bd1 37. f4 f5 38. Kf2 Kf6 39. Ke3 Bb3 40. Kd4 g5 41. Ra8
gxf4 42. gxf4 Bd1 43. Ra6 Bb3 44. Ra8 Bd1 45. Ra6 Bb3 1/2-1/2

[Event "Moscow Tal Memorial 4th"]
[Site "Moscow"]
[Date "2009.11.10"]
[Round "5"]
[White "Gelfand, Boris"]
[Black "Kramnik, Vladimir"]
[Result "1/2-1/2"]
[WhiteElo "2758"]
[BlackElo "2772"]
[Annotator "Marin,M"]
[PlyCount "162"]
[EventDate "2009.11.05"]
[EventType "tourn"]
[EventRounds "9"]
[EventCountry "RUS"]
[EventCategory "21"]
[SourceTitle "CBM 133"]
[Source "ChessBase"]
[SourceDate "2009.11.19"]
[SourceVersion "1"]
[SourceVersionDate "2009.11.19"]
[SourceQuality "1"]

1. d4 Nf6 2. c4 e6 3. Nf3 d5 4. g3 {Gelfand fights Kramnik with his own
weapons!} dxc4 5. Bg2 Bb4+ {An interesting decision, proving the universality
of Kramnik's style. He had faced this position with White in the first game of
his epic match against Topalov.} 6. Bd2 a5 7. Nc3 {A rare move.} ({Lately, the
variation initiated by} 7. Qc2 {has been under the spotlight.} Bxd2+ (7... Ra6
$5 $146 {Marin,M (2551)-Kortschnoj,V (2611)/Reggio Emilia 2008/CBM 122/[Marin,
M] (1/2, 58)}) 8. Qxd2 c6 9. a4 b5 10. axb5 cxb5 11. Qg5 O-O 12. Qxb5 Ba6 13.
Qa4 Qb6 14. O-O Qxb2 15. Nbd2 Bb5 16. Nxc4 Bxa4 17. Nxb2 Bb5 18. Ne5 Ra7 19.
Nbd3 $1 (19. Bf3 $11 {Kramnik,V (2743)-Topalov,V (2813)/Elista 2006/CBM 115/
[Marin,M] (1-0, 75)}) 19... Nfd7 20. Rfb1 $14 {Gleizerov,E (2552)-Luther,T 
(2534)/Predeal Romanian team championship 2007 (1-0, 53)}) ({In his recent
repertoire book on 1.d4, Gelfand's compatriot Boris Avrukh analyses} 7. O-O)
7... O-O {Kramnik continues normal development, without making any committal
move.} (7... Nc6 {deprives the f6-knight of one natural defender in the event
of Bg5.} 8. a3 Bxc3 9. bxc3 a4 10. Bg5 {This pin is slightly annoying now.} Bd7
(10... Ra6 11. O-O h6 12. Bxf6 Qxf6 13. Nd2 b5 14. Rb1 Na7 15. Ne4 Qe7 16. Nc5
Rd6 17. f4 O-O 18. e4 {White has active pieces and an impressive centre.} Rc6
19. e5 Rxc5 {The best practical chance for Black, but his minor pieces remain
passive.} 20. dxc5 Rd8 $6 21. Qe1 Qxc5+ 22. Qf2 Qxf2+ 23. Rxf2 Rd3 24. Rf3 Rd2
25. Rf2 Rd3 26. Rc2 Kf8 27. Kf2 Ke7 28. Ke2 f5 29. Rd1 $14 {Khalifman,A (2622)
-Ibarra Jerez,J (2513)/Budva 2009/CBM 130 (1-0, 51). Black does not have
sufficient compensation for the exchange.}) 11. Ne5 Na5 12. Ng4 h6 13. Nxf6+
gxf6 14. Bh4 $14 {Roiz,M (2599)-Yevseev,D (2557)/Moscow 2006/CBM 112 (1/2, 21).
The weakness of Black's kingside is more important than the small material
advantage.}) 8. Bg5 $146 {A novelty. Gelfand seems to be concerned about
setting up piece pressure as soon as possible, refraining from early castling.}
(8. O-O Bd7 (8... Nc6 9. a3 Bxc3 10. bxc3 a4 11. Bg5 {Again, this pin is
unpleasant.} Na5 12. Qxa4 Bd7 13. Qc2 Bc6 14. Ra2 Be4 15. Qc1 h6 16. Bxf6 Qxf6
17. Ne5 Bxg2 18. Kxg2 Qe7 19. Qe3 b5 20. f4 $14 {Iskusnyh,S (2506)-Yakovich,Y 
(2583)/Tomsk 2006/EXT 2008 (1/2, 46)}) 9. Ne5 Bc6 10. Nxc6 Nxc6 11. a3 Be7 12.
e3 Nd7 13. Rc1 e5 14. Nd5 exd4 15. exd4 Nxd4 (15... Nb6 $5 {Roiz}) 16. Rxc4 c5
17. Bf4 $44 {Avrukh,B (2652)-Eljanov,P (2639)/Amsterdam 2005/CBM 107 ext (1/2,
65)}) 8... b5 9. Ne5 Ra6 10. a4 $6 {Abstractly speaking, this move looks
premature. White offers the exchange of the b5-pawn before forcing Black to
lose a tempo on defending it or make some other type of concession.} (10. O-O {
looks more consistent, with similar play as in some of Avrukh's lines} h6 (
10... Bxc3 11. bxc3 h6 12. Bxf6 Qxf6 13. a4 $14 c6 $2 14. Qb1 $16) (10... Rb6
11. a4 $1 {is a lot better for White than the game continuation.}) 11. Bxf6
gxf6 (11... Qxf6 12. Nxb5 $16) 12. Nf3 Rb6 13. Qc1 Kg7 14. a4 c6 15. Qf4 $44 {
The awkward placement of the b6-rook and the weakness of the black kingside
offers White ample compensation for the pawn.}) 10... bxa4 $1 {The correct
answer. Black will eventually lose his extra pawns, but will get time to
activate his pieces.} ({He might have only considered} 10... c6 11. O-O $14)
11. Nxc4 h6 $1 {Another strong move, getting rid of the pin.} 12. Bxf6 Qxf6 13.
O-O Rd8 14. Qxa4 Bd7 {Black keeps developing and keeps the threats against the
d4-pawn in reserve.} (14... Qxd4 15. Rfd1 Qf6 16. Qb5 Nd7 17. Rd3 $36) 15. Qd1
Be8 16. e3 c5 {White has restored the material equality, but his position in
the centre is a bit shaky. In order to retain some play, he has to sacrifice a
pawn.} 17. d5 $1 Bxc3 18. bxc3 Qxc3 19. Rc1 Qf6 (19... Qb4 20. Ne5 $44 {
[%csl Gc5][%cal Ge5d3]}) 20. d6 {White does not seem to have sufficient
stability in the centre for playing such a daring move.} (20. e4 $5 $44) 20...
a4 ({Black could simplify to a draw with} 20... Bb5 21. Qb3 Bxc4 22. Qxc4 Raxd6
23. Qxc5 Qg5 24. Qxg5 hxg5 25. Ra1 Ra6 26. Ra4 $11 {, but Kramnik plays for
more.}) 21. Qd3 Nc6 $6 {Black's desire to complete his development is
understandable, but he offers his opponent two important tempi for activating
his own play.} (21... a3 $5 $15 {may have led to the exchange of the a- and
d-pawns, retaining a sound extra-pawn.}) 22. Nd2 $1 {[%csl Ga6] The start of a
wise regrouping.} Nb4 23. Qc4 $44 {Black's position becomes shaky. The c5-pawn,
sustaining the knight and, indirectly, the whole queenside, is weak.} Qb2 $6 {
Causing some further problems.} (23... Rdxd6 24. Ne4 Qe7 25. Nxd6 Rxd6 $44) 24.
Ne4 Qb3 25. Qxc5 {[%cal Gc1b1] Black's pieces are hanging and he has no time
to advance the a-pawn yet.} (25. Nxc5 Qxc4 26. Rxc4 Rb6 27. d7 Bxd7 28. Rd4 Nd5
29. Bxd5 {seems crushing, but Black has resources still:} Bb5 $1 30. Rb1 Rxd5
31. Rxd5 exd5 32. Nxa4 $14 {[%csl Gd4,Rd5]}) 25... Nd5 26. Rb1 Qa2 27. Qd4 {
A nice centralizing move. White has a dominating position, while the enemy
queen feels uncomfortable.} a3 28. Rfc1 $6 {This natural move leads to trouble
after Black's reply.} ({The position is full of tricks, because of the
advanced a-pawn. For instance,} 28. Nc5 $6 {does not win because of} Raxd6 29.
Nb7 Nxe3 $1 30. Qxe3 (30. Nxd6 Nxf1 31. Rxf1 Qb3 $44) 30... Qxb1 $3 31. Rxb1
Rd1+ 32. Qe1 (32. Rxd1 Rxd1+ 33. Bf1 a2 $19) 32... Rxe1+ 33. Rxe1 Rd2 34. Ra1
a2 $44 {There is no obvious way for White to free himself.}) (28. Qd3 $5 {
may have been stronger.} Ra4 {[%cal Ga2c4]} 29. Rfc1 $1 {[%csl Ga2,Rc4][%cal
Gg2f3,Gf3d1] ><c4, /\Bf3-d1} Rb4 30. Ra1 $16) 28... Rc6 $1 {Suddenly, White's
back rank is weak.} 29. Re1 (29. Nc5 Rdc8) 29... Qc4 $15 {Black has restored
his coordination and the a-pawn remains more dangerous than the d-pawn.} 30.
Ra1 Qxd4 31. exd4 Ra8 32. h4 Rb6 33. Rec1 a2 34. Kh2 Rb2 35. Nc5 Bb5 36. Kg1
Ra7 37. Bf1 Bxf1 38. Kxf1 Nf6 39. Nd3 Rd2 40. Ne5 Kh7 41. Rc7 Ra4 42. d7 Raxd4
43. Ra7 Rd1+ (43... Nxd7 44. Rxd7 Rxd7 45. Nxd7 Rxd7 46. Rxa2 $15 {leads to
the same drawn ending as in the game.}) 44. Rxd1 Rxd1+ 45. Ke2 Rd5 46. Kf3 Nxd7
47. Nxd7 Rxd7 48. Rxa2 $15 {With his pawns arranged on optimal squares, White
should have little trouble holding a draw. However, in grandmaster practice
this is not always the case, as, for instance, in Sokolov,I (2570)-Chernin,A 
(2610)/Wijk aan Zee 1991/CBM 022 (0-1, 64)} Rd5 ({We need a few waiting moves
from White in order to transpose to the aforementioned game:} 48... Rd6 49. Ra7
Kg6 50. Rb7 Kf6 51. Rc7 g6 52. Ra7 {Here we are. This is drawn, but White did
not defend in optimal way.} e5 53. Ra8 Rd3+ 54. Ke4 Rd4+ 55. Ke3 Kf5 56. Ra7 f6
57. Rh7 h5 58. Rg7 Rg4 59. Rh7 Rb4 60. Kf3 $2 ({As pointed out by Ftacnik,
White should have activated his rook by attacking one of Black's pawns.} 60.
Rf7 $1 $15) 60... e4+ 61. Ke2 Rb2+ 62. Ke3 Rb3+ 63. Ke2 Rb2+ 64. Ke3 Rb3+ 65.
Ke2 Kg4 $1 {[%cal Gg4h3,Gh3g2,Gb3f3] The position has become at least
dangerous for White.} 66. Rh6 Kh3 $1 67. Rxg6 Rf3 68. Rh6 Kg2 69. Rxh5 Rxf2+
70. Ke3 f5 71. Rg5 Kf1 72. g4 Rf3+ 73. Kd4 e3 74. Rxf5 Rxf5 75. Kxe3 Rf8 {
0-1 Sokolov,I (2570)-Chernin,A (2610)/Wijk aan Zee 1991/CBM 022}) 49. Ra7 Kg6
50. Ke3 Rb5 51. Ke2 Rb3 52. Re7 Ra3 53. Rb7 f5 54. Kf1 f4 {Optically, this
looks fine, but every exchange of pawns makes a draw more probable.} 55. gxf4
Rh3 56. Rb4 Kf5 57. Rb7 Rh1+ 58. Kg2 Rxh4 59. f3 (59. Rxg7 $4 Rg4+ $1 $19)
59... Kf6 60. Kg3 Rh1 61. Ra7 h5 62. Ra5 g6 63. Ra7 Rg1+ 64. Kf2 Rd1 65. Kg3
Rd8 66. Rb7 Rh8 67. Ra7 Rg8 68. Kh4 Rd8 69. Kg3 Rd5 70. Ra8 g5 71. fxg5+ Rxg5+
72. Kh4 Rf5 73. Kg3 Rb5 74. Rf8+ Kg7 75. Re8 Kf7 76. Rh8 Rf5 77. Rh6 Ke7 78. f4
Kd6 79. Kf3 Rb5 80. Ke4 Ke7 81. Kf3 Kf7 1/2-1/2